000 00866nam a22002417a 4500
003 OSt
005 20250305093854.0
008 250305b |||||||| |||| 00| 0 eng d
020 _a9783031075278 (paperback)
040 _aNUST
_beng
_cNUST
_dNUST
_erda
050 _aTL795.7 HOL
100 _aHollander, Justin B
_eAuthor
245 _aThe first city on Mars :
_ban urban planner's guide to settling the Red Planet /
_cJustin B Hollander.
260 _aCham :
_bSpringer,
_c2022.
300 _axxxi, 255 pages :
_billustrations ;
_c23 cm.
336 _2rdamedia
_atext
_btxt
337 _2rdamedia
_aunmediated
_bn
338 _2rdamedia
_avolume
_bnc
504 _aIncludes bibliographical references and index.
650 _vSpace colonies -- Design and construction.
650 _vMars (Planet).
942 _2lcc
_cBOOKS
_hTL795.7 HOL
_kTL
_mHOL
_n0
999 _c171400
_d171400